000 00282nam a22001217a 4500
008 240120b |||||||| |||| 00| 0 eng d
100 _aBare Act EBC
245 _aNew Legislation on Hindu Law
250 _a39th
260 _aLucknow
_bEBC
_c2023
300 _a149
942 _2ddc
_cBK
999 _c20489
_d20489